Competitividad y adaptación laboral ¿Cómo está Chile?
Uloženo v:
| Hlavní autor: | |
|---|---|
| Médium: | Neznámo |
| Vydáno: |
Santiago, Chile:
Rubicón Editores,
2017.
|
| Vydání: | Tercera edición. |
| Témata: | |
| Tagy: |
Přidat tag
Žádné tagy, Buďte první, kdo vytvoří štítek k tomuto záznamu!
|
MARC
| LEADER | 00000 a2200000 4500 | ||
|---|---|---|---|
| 003 | CL-VaPUC | ||
| 005 | 20231020084907.0 | ||
| 008 | 231010t2017 ||||| |||| 00| 0 eng d | ||
| 999 | |c 441926 |d 441924 | ||
| 020 | |a 978-956-9947-01-8 | ||
| 040 | |c Pontificia Universidad Católica de Valparaíso | ||
| 082 | |2 21 |a 344.12401 HUM 2017 | ||
| 100 | |a Humeres Noguer, Héctor |9 621050 |e autor | ||
| 245 | |a Competitividad y adaptación laboral ¿Cómo está Chile? | ||
| 250 | |a Tercera edición. | ||
| 260 | |a Santiago, Chile: |b Rubicón Editores, |c 2017. | ||
| 300 | |a 316 páginas. | ||
| 583 | |k GC |c 20231010 | ||
| 650 | 0 | |9 557967 |a Derecho del trabajo |x Derecho comparado |x Legislación laboral |z Chile |z Países de la Unión Europea | |
| 650 | 0 | |9 328785 |a Economía de mercado |x Competividad |x Análisis comparativo |z Chile |z Europa | |
| 942 | |2 ddc |c BK | ||
| 952 | |0 0 |1 0 |2 ddc |4 0 |6 344_124010000000000_HUM_2017 |7 0 |8 A |9 591897 |a BIBING |b BIBING |c GEN |d 2023-10-10 |e 13 |g 24276.00 |i 5659003 |o 344.12401 HUM 2017 |p 5659003 |r 2025-01-20 |t 2 |v 24276.00 |w 2023-10-10 |y BK |k EIE | ||
| 952 | |0 0 |1 0 |2 ddc |4 0 |6 344_124010000000000_HUM_2017 |7 0 |8 A |9 591898 |a BIBING |b BIBING |c GEN |d 2023-10-10 |e 13 |g 24276.00 |i 5659004 |o 344.12401 HUM 2017 |p 5659004 |r 2025-01-20 |t 3 |v 24276.00 |w 2023-10-10 |y BK |k EIE | ||
| 952 | |0 0 |1 0 |2 ddc |4 0 |6 344_124010000000000_HUM_2017 |7 0 |8 A |9 591899 |a BIBING |b BIBING |c GEN |d 2023-10-10 |e 13 |g 24276.00 |i 5659002 |o 344.12401 HUM 2017 |p 5659002 |r 2025-01-20 |t 1 |v 24276.00 |w 2023-10-10 |y BK |k EIE | ||